000 00256nam a2200109Ia 4500
008 190216s9999||||xx |||||||||||||| ||und||
100 _aDown Byrne
245 0 _aInter Mediate Comprelension Passages
260 _bLongmans
650 _aEnglish
942 _cBK
999 _c12835
_d12835